[Event "GER-chT U14"]
[Site "Willingen"]
[Date "2022.08.15"]
[Round "6.7"]
[White "Peter, Leonard"]
[Black "Blankenburg, Philipp"]
[Result "1-0"]
[WhiteElo "1171"]
[BlackElo "1148"]
[PlyCount "51"]
[EventDate "2022.08.13"]
[EventType "team-swiss"]
[EventRounds "7"]
[EventCountry "GER"]
[SourceTitle "EXT 2023"]
[Source "ChessBase"]
[SourceDate "2022.10.05"]
[SourceVersion "1"]
[SourceVersionDate "2022.10.05"]
[SourceQuality "1"]
[WhiteTeam "Ostfildern"]
[BlackTeam "Porz SG"]
[WhiteTeamCountry "GER"]
[BlackTeamCountry "GER"]

1. d4 Nf6 2. c4 e6 3. g3 b6 4. Bg2 Nc6 5. Nf3 Bb7 6. 0-0 d5 7. cxd5 exd5 8. Nc3 Bd6 9. Re1 0-0 10. e4 dxe4 11. Nxe4 Re8 12. Nxf6+ Qxf6 13. Bg5 Qg6 14. Qd2 Bb4 15. Rxe8+ Rxe8 16. Qd1 Ne7 17. Bxe7 Rxe7 18. Ne5 Qe6 19. Bxb7 f6 20. Nd3 Ba5 21. Nf4 Qc4 22. Bd5+ Qxd5 23. Nxd5 Re1+ 24. Qxe1 Bxe1 25. Rxe1 Kf7 26. Re7+ 1-0